|
|
|
|
| LEADER |
00829nam a2200253 4500 |
| 001 |
DLU210196077 |
| 005 |
##20210415 |
| 040 |
# |
# |
|a DLU
|b vie
|
| 041 |
# |
# |
|a vie
|
| 044 |
# |
# |
|a vn
|
| 100 |
# |
# |
|a Phùng Huy Hoàng.
|
| 245 |
# |
# |
|a Ngoại giao môi trường Việt Nam trong tình hình mới /
|c Phùng Huy Hoàng.
|
| 653 |
# |
# |
|a An ninh môi trường
|
| 653 |
# |
# |
|a Ngoại giao môi trường
|
| 653 |
# |
# |
|a Phát triển bền vững
|
| 773 |
# |
# |
|t Nghiên cứu quốc tế
|g Số 4(119), 2019, tr. 55-78
|
| 920 |
# |
# |
|a Phòng Tạp chí -- Trung tâm Thông tin - Thư viện Trường Đại học Đà Lạt
|
| 900 |
# |
# |
|a True
|
| 911 |
# |
# |
|a Nguyễn Thị Thu Phương
|
| 925 |
# |
# |
|a G
|
| 926 |
# |
# |
|a A
|
| 927 |
# |
# |
|a BB
|
| 980 |
# |
# |
|a Thư viện Trường Đại học Đà Lạt
|